000 00926nam a2200193Ii 4500
003 JO-AjNU
008 230605s9999||||xx |||||||||||||| ||und||
040 _aJO-AjNU
_bara
_erda
_cJO-AjNU
041 _aara
050 1 4 _aHG191.A7.H3 1977
100 3 _aحشيش، عادل احمد,
_eauthor
_939997
245 0 0 _aاصول الفن المالي للاقتصاد العام: دراسة تحليلية للقواعد العلمية الحاكمة للجانب الفني لعناصر مالية الدولة وفقا اللاصول المتعارف عليها في علم المالية العامة
264 3 1 _aالاسكندرية: دار المطبوعات الجامعية، 1977
300 _a718ص
_bيحتوي على ببلوغرافية من 669-718ص
336 _atext
_btxt
_2rdacontent
337 _aunmediated
_bn
_2rdamedia
338 _avolume
_bnc
_2rdacarrier
650 4 _aالمالية العامة
_939998
999 _aA16938
_c20506
_d20506